| 000 | 00364nam a22001457a 4500 | ||
|---|---|---|---|
| 020 | _a9789381226551 | ||
| 082 |
_a631.42 _bKAL/HA |
||
| 100 |
_aKaleeswari,R.K _9805 |
||
| 100 |
_aRajeswari,R _9806 |
||
| 100 |
_aPrabhaharan,J _9807 |
||
| 245 | _aA Handbook of Soil Fertility | ||
| 260 |
_aDelhi _bSatish Serial Publishing House _c2013 |
||
| 300 | _a149 | ||
| 942 | _cBK | ||
| 999 |
_c14473 _d14473 |
||